Nagyköveti látogatás Szeged lehet Franciaország honi fővárosa
Elmentve itt :
| Dokumentumtípus: | Cikk |
|---|---|
| Megjelent: |
1991-06-12
|
| Sorozat: | Délmagyarország
81 No. 136 |
| Kulcsszavak: | Külföldi vendég, Pierre Brochand francia nagykövet |
| Online Access: | http://dmarchiv.bibl.u-szeged.hu/81718 |
| LEADER | 00481nab a2200145 i 4500 | ||
|---|---|---|---|
| 001 | delm81718 | ||
| 005 | 20190930102734.0 | ||
| 008 | 190930s1991 hu o 0|| hun d | ||
| 040 | |a SZTE Délmagyarország Archívum |b hun | ||
| 041 | |a hun | ||
| 245 | 0 | 0 | |a Nagyköveti látogatás |h [elektronikus dokumentum] : |b Szeged lehet Franciaország honi fővárosa |
| 260 | |c 1991-06-12 | ||
| 300 | |a 1 | ||
| 490 | 0 | |a Délmagyarország |v 81 No. 136 | |
| 695 | |a Külföldi vendég, Pierre Brochand francia nagykövet | ||